<?xml version="1.0" encoding="UTF-8"?>
<record
    xmlns:xsi="http://www.w3.org/2001/XMLSchema-instance"
    xsi:schemaLocation="http://www.loc.gov/MARC21/slim http://www.loc.gov/standards/marcxml/schema/MARC21slim.xsd"
    xmlns="http://www.loc.gov/MARC21/slim">

  <leader>03040nam a2200301 a 4500</leader>
  <controlfield tag="001">000039101</controlfield>
  <controlfield tag="003">Ost</controlfield>
  <controlfield tag="005">20260321073643.0</controlfield>
  <controlfield tag="008">081117s2012    dr ab         001 0bspa d</controlfield>
  <datafield tag="020" ind1=" " ind2=" ">
    <subfield code="a">9789945874082</subfield>
  </datafield>
  <datafield tag="040" ind1=" " ind2=" ">
    <subfield code="a">DO-SdBNP</subfield>
    <subfield code="b">spa</subfield>
    <subfield code="c">BNPHU</subfield>
  </datafield>
  <datafield tag="049" ind1=" " ind2=" ">
    <subfield code="a"> </subfield>
  </datafield>
  <datafield tag="082" ind1=" " ind2=" ">
    <subfield code="a">923.15694</subfield>
    <subfield code="b">D249B, 2012</subfield>
    <subfield code="2">22</subfield>
  </datafield>
  <datafield tag="100" ind1="1" ind2=" ">
    <subfield code="a"> Bosch, Juan, </subfield>
    <subfield code="d">1909-2001</subfield>
    <subfield code="9">76555</subfield>
  </datafield>
  <datafield tag="245" ind1="1" ind2="0">
    <subfield code="a">David :</subfield>
    <subfield code="b">biograf&#xED;a de un rey /</subfield>
    <subfield code="c">Juan Bosch ; portada Amaury Villalba.</subfield>
  </datafield>
  <datafield tag="260" ind1=" " ind2=" ">
    <subfield code="a">Santo Domingo :</subfield>
    <subfield code="b">Fundaci&#xF3;n Juan Bosch,</subfield>
    <subfield code="c">2012.</subfield>
  </datafield>
  <datafield tag="300" ind1=" " ind2=" ">
    <subfield code="a">287 p. ;</subfield>
    <subfield code="c">22 cm.</subfield>
  </datafield>
  <datafield tag="490" ind1="1" ind2=" ">
    <subfield code="a">Bosch para todo</subfield>
  </datafield>
  <datafield tag="500" ind1=" " ind2=" ">
    <subfield code="a">Incluye un mapa Occidental</subfield>
  </datafield>
  <datafield tag="505" ind1="0" ind2=" ">
    <subfield code="t">En el que aparece Samuel Ben Elcana, verdadero fundador del reino de Israel --</subfield>
    <subfield code="t">En el que aparece Sa&#xFA;l Ben Quis, a quien Samuel unge rey --</subfield>
    <subfield code="t">El que se da cuenta de c&#xF3;mo y por qu&#xE9; el sacerdote Samuel rompi&#xF3; con el rey Sa&#xFA;l --</subfield>
    <subfield code="t">En el que aparece David Ben Isa&#xED;, llamado a ser rey a la muerte de Sa&#xFA;l --</subfield>
    <subfield code="t">En el que se explica por qu&#xE9; no pudo haber combate entre el ni&#xF1;o David y el gigante Goliat --</subfield>
    <subfield code="t">En el que se relata c&#xF3;mo y por qu&#xE9; Sa&#xFA;l odi&#xF3; a David hasta el punto de proponerse darle muerte --</subfield>
    <subfield code="t">En el se explica c&#xF3;mo Jonat&#xE1;n, el hijo del rey, salv&#xF3; a David --</subfield>
    <subfield code="t">En el que se cuentan las aventuras de David mientras era perseguido por el rey Sa&#xFA;l --</subfield>
    <subfield code="t">En el que se cuentan otras aventuras de David mientras hu&#xED;a de la persecuci&#xF3;n de Sa&#xFA;l --</subfield>
    <subfield code="t">En el que se refiere c&#xF3;mo murieron el rey Sa&#xFA;l y su hijo Jonat&#xE1;n y lo que hizo David cuando supo la noticia --</subfield>
    <subfield code="t">En el que se ve a David llegar a rey de Jud&#xE1; y se explica c&#xF3;mo empez&#xF3; la guerra contra los descendientes de Sa&#xFA;l --</subfield>
    <subfield code="t">En la que se explica c&#xF3;mo David pas&#xF3; de rey de Jud&#xE1; a rey de Israel y qu&#xE9; hizo con los descendientes de Sa&#xFA;l --</subfield>
    <subfield code="t">En el que vemos a David conquistando Jerusal&#xE9;n, donde estableci&#xF3; la capital del reino --</subfield>
    <subfield code="t">En que se habla de las muchas guerras que tuvo David contra varios pueblos --</subfield>
    <subfield code="t">En el que se prosigue la historia de la guerras que mantuvo David contra pueblos vecinos de Israel y pueblos distantes --</subfield>
    <subfield code="t">En el que se da cuenta del pecado cometido por David al ordenar el asesinato de Ur&#xED;as y de c&#xF3;mo se arrepinti&#xF3; ante Nat&#xE1;n --</subfield>
  </datafield>
  <datafield tag="505" ind1="0" ind2=" ">
    <subfield code="t">En el que se explica c&#xF3;mo organiz&#xF3; David su reinado y c&#xF3;mo y por qu&#xE9; muri&#xF3; su hijo Amn&#xF3;n a manos de su otro hijo Absal&#xF3;n --</subfield>
    <subfield code="t">En el que se refiere el derrocamiento de David por su hijo Absal&#xF3;n --</subfield>
    <subfield code="t">En el que se relata la muerte de Absal&#xF3;n y las cosas que sucedieron despu&#xE9;s de la batalla en que perdi&#xF3; la vida --</subfield>
    <subfield code="t">En el que se explica qu&#xE9; hac&#xED;a David en sus &#xFA;ltimos a&#xF1;os y por qu&#xE9; quer&#xED;a edificar el templo --</subfield>
    <subfield code="t">En el que se cuenta c&#xF3;mo y por qu&#xE9; escogi&#xF3; David a su hijo Salom&#xF3;n por heredero y qu&#xE9; encomiendas le hizo David antes de morir --</subfield>
    <subfield code="t">Cronolog&#xED;a.</subfield>
  </datafield>
  <datafield tag="590" ind1=" " ind2=" ">
    <subfield code="a">Inventario, 2020/VM</subfield>
  </datafield>
  <datafield tag="600" ind1="1" ind2="4">
    <subfield code="a">David,</subfield>
    <subfield code="d">1040-968 a de J. C.</subfield>
    <subfield code="9">533</subfield>
    <subfield code="c">Rey de Israel </subfield>
  </datafield>
  <datafield tag="650" ind1=" " ind2="4">
    <subfield code="a">David,</subfield>
    <subfield code="x">Reyes y soberanos </subfield>
    <subfield code="v">Biograf&#xED;as </subfield>
    <subfield code="9">77237</subfield>
  </datafield>
  <datafield tag="830" ind1=" " ind2="0">
    <subfield code="a">Bosch para todo</subfield>
    <subfield code="9">65297</subfield>
  </datafield>
  <datafield tag="910" ind1=" " ind2=" ">
    <subfield code="a">VMateo / Validado. Control de la calidad</subfield>
  </datafield>
  <datafield tag="942" ind1=" " ind2=" ">
    <subfield code="2">ddc</subfield>
    <subfield code="c">LBS1</subfield>
  </datafield>
  <datafield tag="952" ind1=" " ind2=" ">
    <subfield code="0">0</subfield>
    <subfield code="1">0</subfield>
    <subfield code="2">ddc</subfield>
    <subfield code="5">6</subfield>
    <subfield code="7">0</subfield>
    <subfield code="8">DS</subfield>
    <subfield code="a">BNPHU</subfield>
    <subfield code="b">GR</subfield>
    <subfield code="c">HD</subfield>
    <subfield code="d">2013-05-21</subfield>
    <subfield code="e">Compra</subfield>
    <subfield code="i"> </subfield>
    <subfield code="l">0</subfield>
    <subfield code="o">BNPHU PD 923.15694 D249B, 2012</subfield>
    <subfield code="p">39101-30</subfield>
    <subfield code="r">2020-06-25</subfield>
    <subfield code="t">e. 3</subfield>
    <subfield code="w">2020-06-25</subfield>
    <subfield code="y">LFDS</subfield>
  </datafield>
  <datafield tag="952" ind1=" " ind2=" ">
    <subfield code="0">0</subfield>
    <subfield code="1">0</subfield>
    <subfield code="2">ddc</subfield>
    <subfield code="7">1</subfield>
    <subfield code="8">PD</subfield>
    <subfield code="a">BNPHU</subfield>
    <subfield code="b">PD</subfield>
    <subfield code="c">HD</subfield>
    <subfield code="d">2013-05-21</subfield>
    <subfield code="e">Compra</subfield>
    <subfield code="i"> </subfield>
    <subfield code="l">0</subfield>
    <subfield code="o">BNPHU PD 923.15694 D249B, 2012</subfield>
    <subfield code="p">39101-10</subfield>
    <subfield code="r">2020-06-25</subfield>
    <subfield code="w">2020-06-25</subfield>
    <subfield code="y">LFPD</subfield>
  </datafield>
  <datafield tag="952" ind1=" " ind2=" ">
    <subfield code="0">0</subfield>
    <subfield code="1">0</subfield>
    <subfield code="2">ddc</subfield>
    <subfield code="7">1</subfield>
    <subfield code="8">PD</subfield>
    <subfield code="a">PD</subfield>
    <subfield code="b">PD</subfield>
    <subfield code="c">HD</subfield>
    <subfield code="d">2013-05-21</subfield>
    <subfield code="e">Compra</subfield>
    <subfield code="i"> </subfield>
    <subfield code="l">0</subfield>
    <subfield code="o">BNPHU PD 923.15694 D249B, 2012</subfield>
    <subfield code="p">39101-20</subfield>
    <subfield code="r">2020-06-25</subfield>
    <subfield code="t">e. 2</subfield>
    <subfield code="w">2020-06-25</subfield>
    <subfield code="y">LFPD</subfield>
  </datafield>
  <datafield tag="999" ind1=" " ind2=" ">
    <subfield code="c">38591</subfield>
    <subfield code="d">38591</subfield>
  </datafield>
</record>
